00710 2200241 4500001002100000005001700021008004100038020002200079035002500101040001200126082001200138090002200150100001900172245010300191250001100294260003300305300003100338500002900369650002900398700000800427850001200435999002100447YOGYA-0912000000011620150630100646.0 ind  a978-602-7641-49-5 a0010-091200000000116 aYOPDYOG a615.882 aDEP 615.882 Dia M aDIAN RAHMAWATI aManfaat bawang merah dan bawang putih bagi kesehatan dan kecantikanc/ Dian Rahmawati; editor, Zia aCet. 1 aYogyakartabDiva Pressc2012 a104 hlm. :bilus. ;c20 cm aBibliografi hlm. 103-104 aBawang Merah - Kesehatan aZia aYOPDYOG aCB-D.11-2012-678